| 000 | 02013cam a22004934i 4500 | ||
|---|---|---|---|
| 003 | PE-LiUPU | ||
| 005 | 20250731173406.0 | ||
| 008 | 150706s2005 miu r 000 0 spa d | ||
| 020 | _a9780825411557 | ||
| 035 | _a(Sirsi) i9780825411557 | ||
| 040 |
_aPE-LiUPU _bspa _cPE-LiUPU _erda |
||
| 049 | _aPRUA | ||
| 082 | 0 | 4 |
_a248.846 _bCh21 _221 |
| 100 | 1 |
_aChapman, Gary D., 1938-, _eautor. |
|
| 245 | 1 | 0 |
_aEsperanza para los separados : _bmatrimonios heridos pueden ser sanados / _cGary Chapman. |
| 264 | 1 |
_a Michigan : _bPortavoz, _c2005. |
|
| 300 |
_a174 páginas ; _c21 centímetros |
||
| 336 |
_atext _2rdacontent |
||
| 337 |
_aunmediated _2rdamedia |
||
| 338 |
_avolume _2rdacarrier |
||
| 505 | 0 | _a¿Qué le sucedió a nuestro sueño? -- Tome una acción constructiva -- Autodesarrollo durante la separación -- Desarrolle su relación con Dios -- Desarrolle su relación con su pareja -- Amor a larga distancia -- Cómo manejaré la soledad? -- Y qué de mi amargura? -- Si su cónyuge regresa -- Si su cónyuge le exige el divorcio -- Cómo enfrentar el futuro. | |
| 526 | _aSEG42 | ||
| 526 | _aSEG41 | ||
| 526 | _aSEG40 | ||
| 526 | _aSEG39 | ||
| 526 | _aP94 | ||
| 526 | _aP87 | ||
| 526 | _aP86 | ||
| 526 | _aP85 | ||
| 526 | _aP77 | ||
| 526 | _aP76 | ||
| 526 | _aP35 | ||
| 541 | _g001-001094; | ||
| 650 | 0 | 4 |
_aDivorcio _xCristianismo. |
| 650 | 0 | 4 |
_aMatrimonio _xCristianismo. |
| 650 | 0 | 4 |
_aReconciliación _xCristianismo. |
| 650 | 0 | 4 | _aPersonas Separadas. |
| 910 |
_agl _bjv _cng _d20110811 |
||
| 942 |
_2ddc _cBOOK |
||
| 949 |
_a248.846 CH21 _wDEWEY _c1 _i63321 _lCCODEBUL1 _mBUL _p10.00 _r0 _sY _tBOOK _u2015-7-6 _xTEOLOGIA _PP35 _o.STAFF. Colección General |
||
| 994 |
_aC0 _bPEPRU |
||
| 596 | _a1 | ||
| 999 |
_a248.846 CH21 _wDEWEY _c52324 _i63321 _d52324 _e2017-6-2 _f2021-11-10 _g5 _lCCODEBUL1 _mBUL _n1 _p10.00 _q1 _r0 _sY _tBOOK _u2015-7-6 _xTEOLOGIA _PP35 _0COMPRA _o.STAFF. Colección Teología |
||
| 980 |
_81 _gALBERTO SANCHEZ Responsable de Automatización |
||